Verstehen Sie Spaß? - Moderatoren - Statistiken

Allgemein
  • Dieses Quiz wurde 124 mal gespielt
  • Das Durchschnittsergebnis liegt bei 5 aus 9
Antwortstatistiken
Zeitraum Moderator % Korrekt
2010 - 2021 Guido Cantz
88%
ab 2022 Barbara Schöneberger
76%
2002 - 2009 Frank Elstner
76%
1980 - 1990 Kurt Felix
67%
1983 - 1990 Paola Felix
61%
1992 - 1995 Harald Schmidt
37%
1996 - 1997 Dieter Hallervorden
31%
1983 - 1990 Karl Dall
27%
1998 - 2002 Cherno Jobatey
25%
Keine übereinstimmenden Quizze gefunden
Verteilung der Resultate
Anzahl Personen mit jedem Resultat
Perzentil nach korrekt beantworteten Fragen
Ihre Resultats-Entwicklung
Sie haben dieses Quiz noch nicht gespielt